Rediseño de la gestión de operaciones en la planta de repostería de La Pasticceria
Uloženo v:
| Hlavní autor: | |
|---|---|
| Další autoři: | , , |
| Médium: | Kniha |
| Jazyk: | Spanish |
| Vydáno: |
[San José, Costa Rica]
2023
|
| Témata: | |
| Tagy: |
Přidat tag
Žádné tagy, Buďte první, kdo vytvoří štítek k tomuto záznamu!
|
MARC
| LEADER | 00000nam a2200000Ia 4500 | ||
|---|---|---|---|
| 003 | 013831 | ||
| 005 | 20240401155046.0 | ||
| 008 | 140114s2023 cr a 000 ||spa d | ||
| 040 | |c cru CEDI | ||
| 100 | |a Arias Guzmán, Ana Cristina, 1997- |9 2809 | ||
| 245 | |a Rediseño de la gestión de operaciones en la planta de repostería de La Pasticceria | ||
| 260 | |a [San José, Costa Rica] |c 2023 | ||
| 500 | |a Proyecto de graduación (licenciatura en ingeniería industrial)--Universidad de Costa Rica. Facultad de Ingeniería. Escuela de Ingeniería Industrial | ||
| 501 | |a Director de Proyecto de Graduación: Ing. Alberto Godínez Alvarado | ||
| 650 | |x CONTROL DE PROCESOS |x GESTION EMPRESARIA |x GESTION INDUSTRIAL |x PRODUCTIVIDAD INDUSTRIAL - EVALUACION |x CONTROL DE COSTOS | ||
| 700 | |a Sánchez Sánchez, Andrés Gonzalo, 1999- |9 2808 | ||
| 700 | |a Herrera Rojas, Mariana, 1999- |9 2810 | ||
| 700 | |a Godínez Alvarado, Alberto, 1989- |d Director del TFG |9 617 | ||
| 942 | |c TFG |h TFG 8972 |i 013831 |6 TFG_8972_013831000000000 | ||
| 999 | |c 13101 |d 13101 | ||
